000 00844aam a2200301 i 4500
001 768714001
003 CO-MdFUSB
005 20250603124810.0
007 ta
008 250529t1997 sp |||| |||| 00| 0 spa d
020 _a84-288-1574-7
040 _cCO-MdFUSB
041 0 _aspa
082 0 4 _223
_a248.482
_bN9349b
100 1 _aNouwen, Henri J. M. (1932-1996)
_eautor
240 _aAdam, God's beloved
245 1 0 _aAdam, el amado de Dios
_c/ Henri J. M. Nouwen ; traducido por Rosario Gutiérrez Carreras
264 1 _bPPC,
_aMadrid, España :
_c[1997]
264 4 _c©1997
300 _a131 páginas
336 _atexto
_btxt
_2rdacontent
337 _2rdamedia
_asin mediación
_bn
338 _2rdacarrier
_avolumen
_bnc
563 _aRústico
650 0 _aVida cristiana
_919
942 _cBK
945 _aJTF-925
999 _c36225
_d36225